| 000 | 00814nam a22002177a 4500 | ||
|---|---|---|---|
| 999 |
_c2223 _d2223 |
||
| 003 | AR-CdUCM | ||
| 008 | 190304b ||||| |||| 00| 0 spa d | ||
| 040 |
_aMUNICIPALIDAD PROVINCIAL DEL CUSCO _cBIBLIOTECA MUNICIPAL DEL CUSCO |
||
| 041 | _hru. | ||
| 082 |
_a320.53 / _bM81 |
||
| 100 |
_aMoskvichov, L _98009 |
||
| 245 |
_aTeorìa de la desideologizaciòn : _bIlusiones y realidad / |
||
| 260 |
_aMoscù : _bEdit. Progreso, _c1974 |
||
| 300 |
_a219 paginas ; _c20 cm. |
||
| 505 | _aContenido: Busca de una alternativa ideológica al Marxismo --La ideología como fenómeno social -- La objetividad y el subjetivismo en la investigación ... | ||
| 650 |
_aIdeologías políticas _98010 |
||
| 650 |
_aDesideologizacion _98011 |
||
| 700 |
_aO. Razinkov (traductor) _98012 |
||
| 942 |
_2ddc _cLIBROS |
||
| 945 | _arjall | ||